[Event "London (m/14)"]
[Site "?"]
[Date "2000.??.??"]
[Round "?"]
[White "Kramnik, Vladimir"]
[Black "Kasparov, Garry"]
[Result "1/2-1/2"]
[WhiteElo "2770"]
[BlackElo "2845"]
[PlyCount "115"]
[EventDate "2000.??.??"]
[Source "Chess Informant"]
[SourceDate "2000.10.01"]

1. Nf3 Nf6 2. c4 b6 3. g3 c5 4. Bg2 Bb7 5. O-O g6 6. Nc3 Bg7 7. d4 cxd4 8. Qxd4 d6 9. Rd1 Nbd7 10. Be3 Rc8 11. Rac1 O-O 12. Qh4 a6 13. Ne1 Bxg2 14. Nxg2 Re8 15. b3 Qc7 16. Bg5 Qb7 17. Ne3 b5 18. Ned5 bxc4 19. bxc4 h5 20. Qf4 Qc6 21. Bxf6 Nxf6 22. Nxf6+ Bxf6 23. Nd5 Bb2 24. Rb1 Bg7 25. Qg5 Kf8 26. Rdc1 e6 27. Nf6 Red8 28. h4 Qa8 29. c5 Rxc5 30. Rxc5 Bxf6 31. Qxf6 dxc5 32. Kh2 Kg8 33. Rb6 Re8 34. Qf3 Qxf3 35. exf3 Rc8 36. Rxa6 c4 37. Rd6 c3 38. Rd1 Ra8 39. Rc1 Rxa2 40. Rxc3 Rxf2+ 41. Kg1 Ra2 42. Rc7 Kf8 43. Rb7 Ke8 44. Rb8+ Ke7 45. Rb7+ Kf6 46. Kf1 e5 47. Rb6+ Kf5 48. Rb7 Ke6 49. Rb6+ Kf5 50. Rb7 f6 51. Rg7 g5 52. hxg5 fxg5 53. Rg8 g4 54. Rf8+ Ke6 55. Re8+ Kf5 56. Rf8+ Kg6 57. Rg8+ Kf5 58. Rf8+ 1/2-1/2

[Event "Gran Canaria"]
[Site "?"]
[Date "1996.??.??"]
[Round "?"]
[White "Kramnik Vladimir"]
[Black "Anand Viswanathan"]
[Result "1-0"]
[WhiteElo "2775"]
[BlackElo "2725"]
[PlyCount "73"]
[EventDate "1996.??.??"]
[Source "www.chesslib.no"]
[SourceDate "2004.05.04"]

1. Nf3 Nf6 2. c4 b6 3. g3 Bb7 4. Bg2 e6 5. O-O Be7 6. Nc3 O-O 7. Re1 d5 8. cxd5 Nxd5 9. e4 Nxc3 10. bxc3 c5 11. d4 Nd7 12. Bf4 cxd4 13. cxd4 Nf6 14. Ne5 Bb4 15. Re3 Rc8 16. d5 exd5 17. exd5 Bd6 18. Nc6 Bxc6 19. Bxd6 Ba4 20. Bxf8 Bxd1 21. Be7 Qc7 22. Rxd1 Nd7 23. Bh3 h6 24. Bf5 b5 25. Bb4 Rd8 26. Re7 Qc4 27. Rxd7 Rxd7 28. Bxd7 Qxb4 29. d6 Qa4 30. Rd3 Qe4 31. Bxb5 Qe1+ 32. Kg2 Qe4+ 33. Kf1 Qh1+ 34. Ke2 Qe4+ 35. Kd1 Qg4+ 36. f3 Qh3 37. d7 1-0

[Event "Las Palmas"]
[Site "?"]
[Date "1996.??.??"]
[Round "?"]
[White "Kramnik, Vladimir"]
[Black "Anand, V."]
[Result "1-0"]
[WhiteElo "2765"]
[BlackElo "2735"]
[PlyCount "81"]
[EventDate "1996.??.??"]
[Source "ChessBase"]
[SourceDate "1996.10.01"]

1. Nf3 Nf6 2. c4 b6 3. g3 Bb7 4. Bg2 e6 5. O-O Be7 6. Nc3 O-O 7. Re1 d5 8. cxd5 Nxd5 9. e4 Nxc3 10. bxc3 c5 11. d4 Nd7 12. Bf4 Nf6 13. Ne5 cxd4 14. cxd4 Bb4 15. Re3 Rc8 16. d5 exd5 17. exd5 Bd6 18. Nc6 Bxc6 19. Bxd6 Ba4 20. Bxf8 Bxd1 21. Be7 Qc7 22. Rxd1 Nd7 23. Bh3 h6 24. Bf5 b5 25. Bb4 Rd8 26. Re7 Qc4 27. Rxd7 Rxd7 28. Bxd7 Qxb4 29. d6 Qa4 30. Rd3 Qe4 31. Bxb5 Qe1+ 32. Kg2 Qe4+ 33. Kg1 Qe1+ 34. Kg2 Qe4+ 35. Kf1 Qh1+ 36. Ke2 Qe4+ 37. Kf1 Qh1+ 38. Ke2 Qe4+ 39. Kd1 Qg4+ 40. f3 Qh3 41. d7 1-0

[Event "WM Leningrad"]
[Site "?"]
[Date "1986.??.??"]
[Round "23"]
[White "Karpov, Anatoly"]
[Black "Kasparov, Gary"]
[Result "1/2-1/2"]
[WhiteElo "2700"]
[BlackElo "2720"]
[PlyCount "75"]
[EventDate "1986.??.??"]
[Source "www.chesslib.no"]
[SourceDate "2004.05.04"]

1. Nf3 Nf6 2. c4 b6 3. g3 c5 4. Bg2 Bb7 5. O-O g6 6. d4 cxd4 7. Qxd4 Bg7 8. Nc3 d6 9. Rd1 Nbd7 10. b3 Rc8 11. Bb2 O-O 12. Qe3 Re8 13. Rac1 a6 14. Ba1 Rc5 15. a4 Qa8 16. Ne1 Rf5 17. Bxb7 Qxb7 18. f3 h5 19. Ng2 Rc5 20. Bb2 Rcc8 21. Ba3 Nc5 22. Rb1 Ne6 23. Qd3 Nc7 24. Nf4 b5 25. cxb5 axb5 26. Nxb5 Nxb5 27. Qxb5 Qxb5 28. axb5 Rb8 29. Bb2 Rb7 30. b6 Reb8 31. b4 Nd7 32. Bxg7 Kxg7 33. Nd5 Nxb6 34. Nxb6 Rxb6 35. Rd4 e5 36. Rd5 Rxb4 37. Rxb4 Rxb4 38. Rxd6 1/2-1/2

[Event "Riga"]
[Site "?"]
[Date "1995.??.??"]
[Round "?"]
[White "Kramnik, Vladimir"]
[Black "Ivanchuk, V."]
[Result "1/2-1/2"]
[WhiteElo "2715"]
[BlackElo "2700"]
[PlyCount "75"]
[EventDate "1995.??.??"]
[Source "ChessBase"]
[SourceDate "1995.02.01"]

1. Nf3 Nf6 2. c4 e6 3. Nc3 b6 4. g3 Bb7 5. Bg2 c5 6. O-O Be7 7. d4 cxd4 8. Qxd4 d6 9. b3 O-O 10. Rd1 Nbd7 11. e4 Re8 12. Ba3 Nc5 13. e5 dxe5 14. Qxd8 Rexd8 15. Nxe5 Bxg2 16. Kxg2 Rdc8 17. Nb5 Bf8 18. f4 Nb7 19. Bxf8 Kxf8 20. g4 Nc5 21. b4 Na4 22. Rac1 a6 23. Nd6 Rc7 24. Kf3 Ne8 25. Ndxf7 Rxf7 26. Nxf7 Kxf7 27. Rd7+ Kf8 28. Re1 a5 29. a3 axb4 30. axb4 Nb2 31. g5 Ra3+ 32. Kg4 Nxc4 33. Rxe6 Ne3+ 34. Kf3 Nd5+ 35. Ke4 Nec7 36. Rc6 Re3+ 37. Kd4 Rb3 38. Rdxc7 1/2-1/2

[Event "20, WM Moskau [i 38/(50)"]
[Site "20, WM Moskau [i 38/(50)"]
[Date "1984.??.??"]
[Round "?"]
[White "Kasparov, Gary"]
[Black "Karpov, Anatoly"]
[Result "1/2-1/2"]
[WhiteElo "2710"]
[BlackElo "2700"]
[PlyCount "37"]
[EventDate "1984.??.??"]
[Source "www.chesslib.no"]
[SourceDate "2004.05.04"]

1. Nf3 Nf6 2. c4 b6 3. g3 c5 4. Bg2 Bb7 5. O-O g6 6. Nc3 Bg7 7. d4 cxd4 8. Nxd4 Bxg2 9. Kxg2 O-O 10. e4 Qc7 11. b3 Nxe4 12. Nxe4 Qe5 13. Qf3 Qxd4 14. Rb1 Qe5 15. Bf4 Qe6 16. Nf6+ Bxf6 17. Qxa8 Nc6 18. Qb7 g5 19. Rbe1 1/2-1/2

[Event "Russie (championnat equipes)"]
[Site "?"]
[Date "2004.04.??"]
[Round "5"]
[White "Malakhov Vladimir"]
[Black "Gelfand Boris"]
[Result "0-1"]
[WhiteElo "2700"]
[BlackElo "2709"]
[PlyCount "78"]
[EventDate "2004.??.??"]
[Source "www.chesslib.no"]
[SourceDate "2004.05.04"]

1. Nf3 Nf6 2. c4 b6 3. d3 Bb7 4. e4 c5 5. g3 g6 6. Bg2 Bg7 7. O-O O-O 8. Nc3 Nc6 9. h3 d6 10. Be3 a6 11. d4 cxd4 12. Nxd4 Ne5 13. b3 Rb8 14. Rc1 Ned7 15. Qc2 Rc8 16. Qb1 e6 17. Rfd1 Qc7 18. Nde2 Qb8 19. Qd3 Rc6 20. Qd2 Rd8 21. Bg5 Qa8 22. Qf4 Nh5 23. Qh4 Rdc8 24. g4 Nhf6 25. a4 R6c7 26. f3 d5 27. exd5 exd5 28. Bf4 Rc5 29. g5 Nh5 30. Be3 R5c7 31. Nxd5 Bxd5 32. Rxd5 Nc5 33. f4 Qb8 34. Qf2 Re7 35. b4 Rce8 36. bxc5 Rxe3 37. Bf1 bxc5 38. Rcd1 Rxe2 39. Qxe2 Rxe2 0-1

[Event "6. EICC"]
[Site "?"]
[Date "2005.06.28"]
[Round "10"]
[White "Ivanchuk Vassily"]
[Black "Nisipeanu Liviu Dieter"]
[Result "1/2-1/2"]
[WhiteElo "2739"]
[BlackElo "2670"]
[PlyCount "101"]
[EventDate "2005.??.??"]
[Source "www.chesslib.no"]
[SourceDate "2004.05.04"]

1. c4 e6 2. Nc3 c5 3. Nf3 Nf6 4. g3 b6 5. Bg2 Bb7 6. O-O Be7 7. d4 cxd4 8. Qxd4 d6 9. Bg5 a6 10. Rfd1 Nbd7 11. Qd2 O-O 12. Bf4 Ne8 13. Rac1 Rc8 14. b3 Nc5 15. Ng5 Bxg2 16. Kxg2 h6 17. Nge4 Nb7 18. Qd3 f5 19. Nd2 g5 20. Be3 f4 21. Bd4 e5 22. Bxb6 Qxb6 23. Nd5 Qd8 24. Qg6+ Ng7 25. Qxh6 Kf7 26. Qh3 Nc5 27. b4 Rh8 28. Qg4 Qd7 29. h3 Qxg4 30. hxg4 Na4 31. Rh1 Ke6 32. Rxh8 Rxh8 33. Rb1 Bd8 34. Ne4 Nb6 35. Nxb6 Bxb6 36. Nxg5+ Ke7 37. c5 Bc7 38. gxf4 exf4 39. cxd6+ Bxd6 40. b5 a5 41. b6 Ne6 42. Nxe6 Kxe6 43. Rb5 a4 44. b7 a3 45. g5 Kd7 46. Rb3 Kc6 47. g6 Rg8 48. Kf3 Bb8 49. Rxa3 Kxb7 50. Rb3+ Ka7 51. Ra3+ 1/2-1/2

[Event "Tilburg"]
[Site "?"]
[Date "1997.??.??"]
[Round "?"]
[White "Kramnik, Vladimir"]
[Black "Leko, P."]
[Result "1/2-1/2"]
[WhiteElo "2770"]
[BlackElo "2635"]
[PlyCount "107"]
[EventDate "1997.??.??"]
[Source "ChessBase"]
[SourceDate "1997.06.01"]

1. Nf3 Nf6 2. c4 c5 3. Nc3 e6 4. g3 b6 5. Bg2 Bb7 6. O-O Be7 7. Re1 d6 8. e4 a6 9. d4 cxd4 10. Nxd4 Qc7 11. f4 O-O 12. Be3 Nc6 13. Rc1 Nxd4 14. Bxd4 Rac8 15. b3 Rfe8 16. a4 Nd7 17. Rc2 Bf8 18. Rd2 Nb8 19. Bf2 Bc6 20. g4 Qb7 21. Bf1 Nd7 22. g5 Nc5 23. Bg2 b5 24. axb5 axb5 25. b4 Na6 26. cxb5 Bxb5 27. Nxb5 Qxb5 28. Bf1 Qb7 29. b5 Nc5 30. Qf3 Red8 31. f5 d5 32. exd5 exd5 33. Bd4 Ne4 34. Rg2 Bc5 35. Qe3 Bxd4 36. Qxd4 Nd6 37. g6 Nxf5 38. gxh7+ Kh8 39. Qf4 g6 40. Bd3 Qb6+ 41. Rf2 Qf6 42. Re5 Rc1+ 43. Kg2 Nh4+ 44. Kh3 Qxf4 45. Rxf4 Rc3 46. Kxh4 Rxd3 47. Rxf7 Rb3 48. Rb7 d4 49. Kg5 d3 50. Kxg6 Rxb5 51. Rbxb5 d2 52. Rbd5 d1=Q 53. Rxd1 Rd6+ 54. Rxd6 1/2-1/2

[Event "Wijk aan Zee 71/31"]
[Site "?"]
[Date "1998.??.??"]
[Round "?"]
[White "Karpov, Anatoly"]
[Black "Adams, Michael"]
[Result "1/2-1/2"]
[WhiteElo "2735"]
[BlackElo "2670"]
[PlyCount "66"]
[EventDate "1998.??.??"]
[Source "ChessBase"]
[SourceDate "1997.10.01"]

1. Nf3 Nf6 2. c4 e6 3. Nc3 c5 4. g3 b6 5. Bg2 Bb7 6. O-O Be7 7. d4 cxd4 8. Qxd4 d6 9. e4 O-O 10. Qe3 Nbd7 11. Nd4 Qc7 12. b3 a6 13. Bb2 Rfe8 14. Rac1 Rad8 15. Rfe1 Qb8 16. Re2 Bf8 17. h3 g6 18. Rce1 Bg7 19. Qd2 Nc5 20. Qc2 Qa8 21. a4 Rc8 22. Nf3 Red8 23. Nd2 d5 24. exd5 exd5 25. cxd5 Nxd5 26. Nxd5 Bxd5 27. Bxd5 Qxd5 28. Bxg7 Kxg7 29. Nc4 Nd3 30. Rd1 b5 31. axb5 axb5 32. Red2 bxc4 33. bxc4 Qxc4 1/2-1/2

[Event "Haifa"]
[Site "?"]
[Date "1998.??.??"]
[Round "?"]
[White "Gelfand Boris"]
[Black "Svidler Peter"]
[Result "1/2-1/2"]
[WhiteElo "2675"]
[BlackElo "2710"]
[PlyCount "98"]
[EventDate "1998.??.??"]
[Source "www.chesslib.no"]
[SourceDate "2004.05.04"]

1. Nf3 Nf6 2. c4 c5 3. g3 d5 4. cxd5 Nxd5 5. Bg2 Nc6 6. d4 Nb6 7. dxc5 Qxd1+ 8. Kxd1 Na4 9. Nc3 Nxc5 10. Be3 Ne6 11. Rc1 g6 12. Kc2 Bg7 13. Rhd1 O-O 14. Kb1 Rd8 15. Nd5 Kf8 16. Rd2 Bd7 17. Rcd1 Be8 18. h4 h6 19. Bh3 Rab8 20. Bxe6 fxe6 21. Nc7 Rxd2 22. Rxd2 Bf7 23. Nd4 Bxd4 24. Bxd4 e5 25. Be3 Kg7 26. Nb5 a6 27. Nc3 Rd8 28. Rxd8 Nxd8 29. b3 Nc6 30. Na4 Bd5 31. Kc2 Nd4+ 32. Kd3 Nf5 33. Nc3 Bc6 34. Bb6 Kf6 35. a4 Nd6 36. f3 h5 37. e4 Ke6 38. Na2 Be8 39. Be3 Nc8 40. Kc4 b5+ 41. Kb4 bxa4 42. bxa4 Nd6 43. Nc3 Nb7 44. Bb6 Kd6 45. Nd5 Bf7 46. Nc7 Kc6 47. a5 Nc5 48. Bxc5 Kxc7 49. Bxe7 Kc6 1/2-1/2

[Event "Marostica m"]
[Site "Marostica"]
[Date "1989.??.??"]
[Round "4"]
[White "Karpov, Anatoly"]
[Black "Andersson, Ulf"]
[Result "1-0"]
[WhiteElo "2750"]
[BlackElo "2620"]
[PlyCount "81"]
[EventDate "1989.03.??"]
[Source "www.chesslib.no"]
[SourceDate "2004.05.04"]

1. c4 Nf6 2. Nc3 c5 3. Nf3 e6 4. g3 b6 5. Bg2 Bb7 6. O-O Be7 7. d4 cxd4 8. Qxd4 O-O 9. Rd1 Nc6 10. Qd2 Na5 11. b3 d5 12. cxd5 Nxd5 13. Nxd5 Qxd5 14. Qe1 Qh5 15. Rd7 Bf6 16. Ba3 Bc6 17. Bxf8 Bxd7 18. Rd1 Rd8 19. Bd6 Be8 20. e4 Nb7 21. Bb4 Rxd1 22. Qxd1 Qb5 23. Qd2 a5 24. Ba3 Nc5 25. e5 Be7 26. Nd4 Qd7 27. Bb2 Qc7 28. Qe2 Bf8 29. h3 Bd7 30. Nb5 Qb8 31. Bd4 Bc8 32. Qc4 Ba6 33. Kh2 Qd8 34. Be3 Qd7 35. a4 h6 36. Bf3 g6 37. Bg2 Kh7 38. Qf4 Nd3 39. Qe4 Nc5 40. Qa8 Qc8 41. Qa7 1-0

[Event "Marostica m"]
[Site "Marostica"]
[Date "1989.??.??"]
[Round "2"]
[White "Karpov, Anatoly"]
[Black "Andersson, Ulf"]
[Result "1/2-1/2"]
[WhiteElo "2750"]
[BlackElo "2620"]
[PlyCount "120"]
[EventDate "1989.03.??"]
[Source "ChessBase"]

1. c4 Nf6 2. Nc3 c5 3. Nf3 e6 4. g3 b6 5. Bg2 Bb7 6. O-O Be7 7. d4 cxd4 8. Qxd4 O-O 9. Rd1 Nc6 10. Qf4 Qb8 11. b3 Rd8 12. Bb2 Qxf4 13. gxf4 Na5 14. Nd4 d5 15. cxd5 Nxd5 16. Nxd5 Bxd5 17. Nf5 Bf8 18. Bxd5 exd5 19. Rd3 f6 20. Rad1 Rac8 21. Ne3 Kf7 22. Rxd5 Rxd5 23. Rxd5 Rc7 24. Rd3 Nb7 25. Kg2 Nc5 26. Rd1 Na6 27. Rd2 Bb4 28. Rc2 Rd7 29. Kf3 Bc5 30. a3 Nc7 31. Nc4 Be7 32. f5 g6 33. fxg6+ hxg6 34. Rd2 Rxd2 35. Nxd2 b5 36. b4 a6 37. Ke4 f5+ 38. Kd3 Ke6 39. e3 Bd6 40. h3 Nd5 41. Bd4 Ne7 42. Nb3 Nc6 43. f3 Kd5 44. e4+ Ke6 45. Bc3 Be7 46. Nc5+ Bxc5 47. bxc5 fxe4+ 48. fxe4 Kf7 49. Ke3 Ke6 50. Kf4 a5 51. Bb2 Kf7 52. Kg5 b4 53. axb4 axb4 54. h4 Nd8 55. Kh6 Nc6 56. Ba1 b3 57. Kg5 Nd8 58. Kg4 Ne6 59. c6 Ke7 60. Be5 b2 1/2-1/2

[Event "Yerevan (ol)"]
[Site "?"]
[Date "1996.??.??"]
[Round "?"]
[White "Kramnik, Vladimir"]
[Black "Yudasin, L."]
[Result "1/2-1/2"]
[WhiteElo "2765"]
[BlackElo "2595"]
[PlyCount "51"]
[EventDate "1996.??.??"]
[Source "ChessBase"]
[SourceDate "1996.06.01"]

1. Nf3 Nf6 2. c4 c5 3. Nc3 e6 4. g3 b6 5. Bg2 Bb7 6. O-O Be7 7. Re1 Ne4 8. d4 Nxc3 9. bxc3 Be4 10. Bh3 Bxf3 11. exf3 cxd4 12. cxd4 Nc6 13. Be3 Rc8 14. Rc1 Na5 15. Qd3 O-O 16. f4 g6 17. Bg2 Qc7 18. c5 d5 19. cxd6 Qxd6 20. Qa6 Qd7 21. Bf3 Bf6 22. h4 Rfd8 23. h5 Nc6 24. Qa4 Ne7 25. Qxd7 Rxd7 26. Rxc8+ 1/2-1/2

[Event "6th Dubai Open"]
[Site "Dubai"]
[Date "2004.04.23"]
[Round "5.9"]
[White "Sasikiran, Krishnan"]
[Black "Nisipeanu, Liviu Dieter"]
[Result "1/2-1/2"]
[WhiteElo "2659"]
[BlackElo "2692"]
[PlyCount "57"]
[EventDate "2004.04.19"]
[Source "Roberto Alvarez"]
[SourceDate "2004.05.03"]

1. Nf3 Nf6 2. c4 c5 3. Nc3 e6 4. g3 b6 5. Bg2 Bb7 6. O-O Be7 7. Re1 d6 8. e4 a6 9. d4 cxd4 10. Nxd4 Qc7 11. Be3 O-O 12. Rc1 Nbd7 13. f4 h5 14. h3 Rfe8 15. f5 Bd8 16. b3 Ne5 17. Rf1 Rc8 18. fxe6 fxe6 19. Nde2 Qd7 20. a4 Rf8 21. Nf4 g6 22. Rc2 Bc7 23. Bd4 Qe8 24. Rcf2 Nfd7 25. h4 Rf6 26. Bh3 Rf8 27. Nce2 Bd8 28. Nc3 Rf7 29. Qe2 1/2-1/2

[Event "50th It"]
[Site "Reggio Emilia ITA"]
[Date "2008.01.05"]
[Round "8"]
[White "Landa, K."]
[Black "Gashimov, V."]
[Result "1/2-1/2"]
[WhiteElo "2678"]
[BlackElo "2664"]
[PlyCount "45"]
[EventDate "2007.12.29"]
[Source "www.chesslib.no"]
[SourceDate "2004.05.04"]

1. Nf3 Nf6 2. c4 c5 3. g3 Nc6 4. Nc3 d6 5. Bg2 g6 6. d4 cxd4 7. Nxd4 Bd7 8. b3 Bg7 9. Bb2 O-O 10. O-O Rc8 11. Nc2 Qa5 12. Ne3 Ng4 13. Nxg4 Bxg4 14. Rc1 Rfd8 15. Qd2 a6 16. Rfd1 Be6 17. Na4 Bxb2 18. Qxa5 Nxa5 19. Nxb2 Bd7 20. Nd3 Be8 21. Rd2 Kf8 22. Rcd1 e6 23. Kf1 1/2-1/2

[Event "Elista (ol) 73/(41)"]
[Site "?"]
[Date "1998.??.??"]
[Round "?"]
[White "Yermolinsky, Alex"]
[Black "Adams, Michael"]
[Result "1/2-1/2"]
[WhiteElo "2625"]
[BlackElo "2715"]
[PlyCount "51"]
[EventDate "1998.??.??"]
[Source "ChessBase"]
[SourceDate "1998.06.01"]

1. Nf3 Nf6 2. c4 e6 3. Nc3 c5 4. g3 b6 5. Bg2 Bb7 6. O-O Be7 7. d4 cxd4 8. Qxd4 d6 9. b3 O-O 10. Rd1 Nbd7 11. Ba3 Nc5 12. b4 Nce4 13. Nxe4 Bxe4 14. b5 Qc8 15. Bxd6 Rd8 16. c5 bxc5 17. Qe5 Bxd6 18. Rxd6 Qb7 19. a4 c4 20. Rc1 Bd5 21. Ne1 Rxd6 22. Qxd6 Qb6 23. Qxb6 axb6 24. Rxc4 Bxc4 25. Bxa8 Bb3 26. Bc6 1/2-1/2

[Event "Olimpiadi 2008 - open"]
[Site "Dresda GER"]
[Date "2008.11.25"]
[Round "11"]
[White "Gelfand, B."]
[Black "Van Wely, L."]
[Result "1/2-1/2"]
[WhiteElo "2719"]
[BlackElo "2618"]
[PlyCount "60"]
[EventDate "2008.11.13"]
[Source "www.chesslib.no"]
[SourceDate "2004.05.04"]

1. Nf3 c5 2. c4 Nf6 3. g3 b6 4. Bg2 Bb7 5. O-O e6 6. Nc3 Be7 7. Re1 d5 8. cxd5 Nxd5 9. Nxd5 Qxd5 10. d4 cxd4 11. Qxd4 O-O 12. Bg5 Bxg5 13. Qxd5 Bxd5 14. Nxg5 Bxg2 15. Kxg2 Nd7 16. Red1 Rfd8 17. Rac1 h6 18. Nf3 Nc5 19. Rxd8+ Rxd8 20. b4 Ne4 21. a4 a5 22. bxa5 bxa5 23. Rc4 f5 24. Rc6 Rd6 25. Ne5 Rxc6 26. Nxc6 Nc3 27. Nxa5 Nxa4 28. f4 Nc5 29. Kf3 Kf7 30. Nc4 Ne4 1/2-1/2